Flower or Colour? - Statistics

General Stats
  • This quiz has been taken 37 times
  • The average score is 11 of 15
Answer Stats
Question Answer % Correct
Dahlia Flower
94%
Chrysanthemum Flower
94%
Lavender Both
91%
Cerulean Colour
91%
Zinnia Flower
91%
Begonia Flower
88%
Viridian Colour
85%
Camellia Flower
85%
Magenta Colour
82%
Chartreuse Colour
79%
Saffron Both
59%
Fuchsia Both
53%
Periwinkle Both
53%
Marigold Both
47%
Indigo Both
32%
No matching quizzes found
Score Distribution
Percent of People with Each Score
Percentile by Number Answered
Your Score History
You have not taken this quiz